Länder im Osmanischen Reich - Statistiken

Allgemein
  • Dieses Quiz wurde 2.603 mal gespielt
  • Das Durchschnittsergebnis liegt bei 29 aus 36
Antwortstatistiken
% Land % Korrekt
100 Türkei
98%
100 Griechenland
95%
80 Irak
94%
10 Iran
94%
100 Albanien
91%
100 Bulgarien
91%
100 Serbien
91%
35 Ägypten
90%
10 Saudi Arabien
90%
80 Syrien
90%
100 Israel
89%
100 Rumänien
89%
100 Armenien
88%
90 Georgien
87%
100 Bosnien und Herzegowina
86%
60 Kroatien
86%
< 1 Russland
86%
90 Aserbaidschan
85%
100 Nord Mazedonien
85%
80 Ungarn
85%
100 Kosovo
83%
100 Montenegro
82%
100 Libanon
81%
40 Ukraine
81%
50 Jordanien
78%
10 Libyen
78%
10 Algerien
77%
100 Zypern
75%
100 Moldawien
74%
90 Tunesien
74%
25 Jemen
72%
100 Kuwait
71%
90 Slowakei
70%
< 1 Sudan
66%
10 Eritrea
41%
50 Dschibuti
33%
Keine übereinstimmenden Quizze gefunden
Verteilung der Resultate
Anzahl Personen mit jedem Resultat
Perzentil nach korrekt beantworteten Fragen
Ihre Resultats-Entwicklung
Sie haben dieses Quiz noch nicht gespielt